000
00323nam a22001457a 4500
008
210308b ||||| |||| 00| 0 eng d
020
_a
9781285087375
041
_a
eng
080
_a
330.101.541
082
_a
330.101.541
100
_a
52
101
_a
MAKRO
245
_a
Survey of ECON
_c
Sexton, R.L
942
_2
udc
_c
BK
999
_c
55929
_d
55929